[Random Knowledge] Finish the Chain #1 - Statistics

General Stats
  • This quiz has been taken 27 times
  • The average score is 6 of 12
Answer Stats
List Missing Item % Correct
Pawn, Rook, Knight, Bishop, Queen King
88%
Mouth, Throat, Esophagus, Stomach, Small Intestine Large Intestine
76%
Plasma, Gas, Liquid Solid
76%
1, 3.1, 95, XP, Vista, 7, 8 10
72%
Domain, Kingdom, Phylum, Class, Order, Family, Genus Species
72%
Microwave, Radiowave, Infrared, UV, X-ray Gamma Ray
52%
Quirell, Lockhart, Lupin, Moody, Umbridge Snape
52%
Eagle, Birdie, Par, Bogey Double Bogey
40%
Arena, Daggerfall, Morrowind, Oblivion Skyrim
32%
Norman, Plantagenet, Tudor, Stuart, Georgian, Victorian, Edwardian
28%
Alkali, Alkali Earth, Transistion Metals, Halogen Noble Gasses
28%
Planet OFA, Beneath the POTA, Escape from the POTA, Conquest of the POTA Battle for the POTA
4%
No matching quizzes found
Score Distribution
Percent of People with Each Score
Percentile by Number Answered
Your Score History
You have not taken this quiz